000 00616nam a2200205 4500
003 OSt
005 20240628015918.0
006 a
008 240628b |||||||| |||| 00| 0 eng d
020 _a9789711513031
040 _aDWCL-Main lib.
_cOC
082 _aFil. 150 Ur76l 2009
100 _aUriarte, Gabriel G.
245 _aLearning general psychology the easy way /
260 _aBulacan :
_bSan Gabriel Archangel Pub. House,
_cc2009
300 _axvi,
_b351 p. : ill.;
_c26 cm.
504 _aIncludes bibliographical references.
650 _a1. Psychology-Textbooks.
942 _2ddc
_n0
_cBK - FIL
_kFil.
999 _c1547
_d1547